| 000 | 00000nam 2200000za 4500 |
| 001 | 9.800838 |
| 003 | CaOODSP |
| 005 | 20221107134702 |
| 007 | cr ||||||||||| |
| 008 | 150521s2015 xxc |o | f00| 0 eng d |
| 040 | |aCaOODSP|beng |
| 043 | |an-cn--- |
| 086 | |aP4-63/2015E-PDF |
| 110 | 1 |aCanada.|bPublic Works and Government Services Canada. |bReal Property Services Branch. |
| 245 | 10|aMD 15161-2013 - control of Legionella in mechanical systems|h[electronic resource] : |bstandard for building owners, design professionals, and maintenance personnel /|cMechanical and Electrical Engineering, Advisory and Practices (Professional Services)Directorate, Professional and Technical Service Management, Real Property Branch, Public Works and Government Services Canada. |
| 260 | |a[Ottawa] : |bPublic Works and Government Services Canada,|c[2015]. |
| 300 | |aiii, 51 p., [9] p. :|bfigs., tables. |
| 500 | |aAlso available in French under title: IM 15161-2013 - lutte contre la Legionella dans les système mécaniques : norm destinée aux propriétaires d’immeubles, aux professionnels de la conception et au personnel d'exploitation des bâtiments. |
| 504 | |aIncludes bibliographical references. |
| 692 | 07|2gccst|aworkplace pollution |
| 775 | 08|tIM 15161-2013 - lutte contre la Legionella dans les systèmes mécaniques |w(CaOODSP)9.800846 |
| 856 | 40|qPDF|s358 KB|uhttps://publications.gc.ca/collections/collection_2015/tpsgc-pwgsc/P4-63-2015-eng.pdf |